000 00508pab a2200169 454500
008 180718b2013 xxu||||| |||| 00| 0 eng d
100 _aHusain, Hishmi Jamil
245 _aSustainable development and analysis of people's participation with reference to joint forest management in India
260 _c2013
300 _ap.69-84.
362 _aJan-Jun
650 _aForest management - India
650 _aForest management
773 _aJournal of Rural Development
908 _aN
909 _a100918
999 _c100917
_d100917